00641cam a2200193 a 450000100100000000500170001000800410002702000150006804000250008308200170010810000290012524500960015426000350025030000210028549000170030650400470032365000240037060000530039400000886120200929161427.0900301s1989 fr b 001 0 fre  a2876790408 aDO-SdBNPbspacBNPHU a860.4bM843c1 aMoreno, Fernando,d1948-10aCarlos Fuentes :bLa mort d'Artemio Cruz : entre le mythe et l'histoire /cFernando Moreno. aParis :bCaribéennes,c1989. a152 p. ;c21 cm.1 aTropismesv1 aReferencias bibliográficas p. 145-[149]. 4aLiteratura mexicana14aFUENTES, CARLOS,d1928-tMuerte de Artemio Cruz.